000 00969 a2200217 4500
005 20260202101731.0
008 260202b |||||||| |||| 00| 0 eng d
020 _a9788170555414 (hbk)
037 _cTB
040 _aCRL
_cCRL
041 _2hin
_ahin
084 _aO152,3N37,DM Q8
_qCRL
100 _aशुक्ल, विनोदकुमार
_9860101
245 _aदीवार में एक खिड़की रहती थी
260 _aनयी दिल्ली, भारत:
_bवाणी प्रकाशन,
_c2018.
300 _a169पृ.
650 _aहिन्दी साहित्य
_91113043
650 _aहिन्दी कहानी
_91113044
942 _cTB
_2CC
_n0
_hO152,3N37,DM Q8
999 _c1466568
_d1466568